000 00807nas a2200265 4500
001 BR0503915
003 BR-BrBNA
005 20231205105619.0
007 ta
008 230509b bl.|||p| |||| 00| 00por d
040 _aBR-BrBNA
_bpor
_cBiblioteca Nacional de Agricultura
041 _a(Pt)
072 _aJ10
100 1 _aCaldeira, S.F.
100 1 _aTokashiki, S. do C.
245 1 _aEfeito de beneficiamento e armazenamento na germinação de sementes de Magonia pubescens A.St.-Hil
650 _aTIMBÓ
650 _aSEMENTE
650 _aGERMINAÇÃO
650 _aARMAZENAMENTO
650 _aBENEFICIAMENTO
773 0 _tRevista de Agricultura Tropical (Brazil)
_xISSN 1415-7497
_g(2000), v. 4(1) p. 58-68
_wBR0503915
909 _a202311
_bLúcia
_c55
_dLúcia Elande
942 _2AGRIS
_n0
_cANA
999 _c183789
_d183789